Chile en 1908.
-д хадгалсан:
| Үндсэн зохиолч: | |
|---|---|
| Формат: | Ном |
| Хэл сонгох: | испани |
| Хэвлэсэн: |
Santiago, Chile
Imprenta, Litografía y Encuadernación Barcelona
1909
|
| Хэвлэл: | 1a. ed |
| Нөхцлүүд: | |
| Шошгууд: |
Шошго нэмэх
Шошго байхгүй, Энэхүү баримтыг шошголох эхний хүн болох!
|
MARC
| LEADER | 00000nam a2200000 a 4500 | ||
|---|---|---|---|
| 001 | UCJ5355 | ||
| 003 | CL-VaPUC | ||
| 005 | 20250422093819.0 | ||
| 008 | 070124e19090000CL |||||||||||||||||spa|d | ||
| 999 | |c 321464 |d 321462 | ||
| 040 | |c Pontificia Universidad Católica de Valparaíso | ||
| 082 | 0 | 4 | |a 983.064 POI 1909 |2 21 |
| 100 | 0 | |a Poirier, Eduardo |9 504941 | |
| 245 | 1 | 0 | |a Chile en 1908. |
| 246 | 1 | 0 | |a Obra dedicada a los señores delegados y adherentes al IV Congreso Científico, 1° Panamericano |
| 246 | 1 | 0 | |a 25 de diciembre de 1908 a 5 de enero de 1909 |
| 250 | |a 1a. ed | ||
| 260 | 0 | 3 | |a Santiago, Chile |b Imprenta, Litografía y Encuadernación Barcelona |c 1909 |
| 300 | |a 287 páginas. | ||
| 500 | |a Mapa de Chile en cinco secciones; panorámica desplegable, de Iquique | ||
| 500 | |a Numerosa información gráfica relativa al Chile de comienzos del siglo 20 | ||
| 500 | |a Personalidades políticas, culturales, científicas, etc | ||
| 500 | |a Vistas de ciudades y paisajes de Chile; interesante información documental y gráfica acerca del trabajo en una oficina salitrera | ||
| 583 | |a last modification |c 20070124 00:00:00 |k Rodrigo Vera | ||
| 600 | 0 | 7 | |a VERGARA ANTUNEZ, RODOLFO |2 CL-VaPUC |9 509711 |
| 600 | 0 | 7 | |a POENISH, RICARDO |2 CL-VaPUC |9 510441 |
| 600 | 0 | 7 | |a REICHE, CARLOS |2 CL-VaPUC |9 510442 |
| 600 | 0 | 7 | |a Marín Vicuña, Santiago, |d 1871-1936 |9 862626 |
| 650 | 0 | |a Geografía |9 259346 | |
| 650 | 0 | |a Historia de Chile |9 265473 | |
| 650 | 0 | |a Recursos naturales |9 255232 | |
| 650 | 0 | |a Etnografía |9 309735 | |
| 650 | 0 | |a Aborígenes |9 329972 | |
| 650 | 0 | |a Minería |9 326008 | |
| 650 | 7 | |a SALITRERAS |2 CL-VaPUC |9 375452 | |
| 650 | 0 | |a Presidentes de Chile |9 268293 | |
| 650 | 7 | |a CANCION NACIONAL |2 CL-VaPUC |9 505364 | |
| 650 | 7 | |a PAUTA MUSICAL |2 CL-VaPUC |9 510443 | |
| 650 | 0 | |a Ciudades |9 265474 | |
| 650 | 0 | |a Monumentos |9 265246 | |
| 650 | 0 | |a Emblemas nacionales |9 265035 | |
| 650 | 0 | |a Mujeres chilenas |9 509818 | |
| 650 | 0 | |a Política |x Autoridades |9 510444 | |
| 650 | 7 | |a CONGRESOS CIENTIFICOS |2 CL-VaPUC |9 504400 | |
| 650 | 7 | |a CUERPO DIPLOMATICO |2 CL-VaPUC |9 510445 | |
| 650 | 0 | |a Numismática |9 318332 | |
| 650 | 0 | |a Obras públicas |9 261125 | |
| 650 | 0 | |a Ferrocarriles |9 260933 | |
| 650 | 7 | |a OBRAS PORTUARIAS |2 CL-VaPUC |9 507532 | |
| 650 | 0 | |a Bancos |9 254963 | |
| 650 | 7 | |a MOMIA DE CHUQUICAMATA |2 CL-VaPUC |9 510446 |z CHILE | |
| 650 | 0 | |a Ferrocarril Trasandino |9 506760 | |
| 650 | 0 | |a Historia de Chile |9 265473 | |
| 651 | 0 | |a Santiago |z CHILE |9 265444 | |
| 651 | 7 | |a PALACIO COUSIÑO |2 CL-VaPUC |9 510448 |z CHILE | |
| 651 | 7 | |a CALETA EL MEMBRILLO |2 CL-VaPUC |9 509736 |z CHILE | |
| 651 | 7 | |a PUERTO DE VALPARAISO |2 CL-VaPUC |9 510449 |z CHILE | |
| 651 | 7 | |a ESTACION BELLAVISTA |2 CL-VaPUC |9 510450 |z CHILE | |
| 651 | 7 | |a IQUIQUE |2 CL-VaPUC |9 357757 |z CHILE | |
| 651 | 0 | |a Concepción |z CHILE |9 254982 | |
| 651 | 0 | |a Viña del Mar |z CHILE |9 327030 | |
| 651 | 0 | |a Valparaíso, Chile |z CHILE |9 261144 | |
| 942 | |c BK |2 ddc | ||
| 945 | |d 20070124 00:00:00 |a rinostro | ||
| 952 | |0 0 |1 0 |2 ddc |4 0 |6 983_064000000000000_POI_1909 |7 0 |8 X |9 400218 |a FDOBUD |b FDOBUD |d 2019-11-22 |i 1033603 |o 983.064 POI 1909 |p 1033603 |r 2019-11-22 |t 1 |w 2019-11-22 |y BK_X |k BUD | ||